000 00258nam a22001337a 4500
082 _a823
_bTOL/R
100 _aTOLSTOY
245 _aRESURRECTION
250 _aTHIRD
260 _bPROGRESS PUBLISHERS
_c1977
300 _a584
650 _aNOVEL
942 _cBK
999 _c3560
_d3560